000 00587nam a2200229 i 4500
001 C2-0254362
003 PPAK
005 20180727222028.0
008 040429s le |||| ||||| | ara d
040 _aPPAK
_beng
_cPPAK
_erda
082 0 4 _a297.124
_223
090 0 0 _a297.124
_bASS
_dR
100 0 _aAs-Sayed Ahmad Al-Hashimi,
_eauthor
245 1 0 _aJawahir Al-Balaqah
264 1 _aLubnan :
_bDarul Khutub ,
300 _a1 Jilid ;
_c24 cm
336 _2rdacontent
_atext
337 _2rdamedia
_aunmediated
338 _2rdacarrier
_avolume
650 1 0 _aHadith
942 _ddc
_cB
999 _c67103
_d67103